Porovnanie súčasti účtovnej závierky v národnej a nadnárodnej úprave účtovníctva bakalárska práca
Salvato in:
| Autore principale: | |
|---|---|
| Ente Autore: | |
| Altri autori: | |
| Natura: | Libro |
| Lingua: | slovacco |
| Pubblicazione: |
Bratislava
2014
|
| Tags: |
Nessun Tag, puoi essere il primo ad aggiungerne!!
|
MARC
| LEADER | 00000nbm a2200000 4500 | ||
|---|---|---|---|
| 001 | 0189780 | ||
| 005 | 20170201111412.8 | ||
| 041 | 0 | |a slo | |
| 044 | |a SK | ||
| 245 | 1 | 0 | |a Porovnanie súčasti účtovnej závierky v národnej a nadnárodnej úprave účtovníctva |b bakalárska práca |c Zuzana Marčišovská ; školiteľ: Ingrid Melicherová |
| 264 | 1 | |a Bratislava |c 2014 | |
| 300 | |a 49 s. | ||
| 100 | 1 | |a Marčišovská, Zuzana | |
| 700 | 1 | |a Melicherová, Ingrid, 1971- | |
| 710 | 2 | |a Fakulta hospodárskej informatiky EU. Katedra účtovníctva a audítorstva | |